| 000 | 00969cam a22002174a 4500 | ||
|---|---|---|---|
| 005 | 20250605164205.0 | ||
| 008 | 250528s ||||||||||||||||||||||||d | ||
| 035 | _a19918 | ||
| 020 | _a750641150 | ||
| 040 |
_aGR-AtMCL _bgre _dGR-AtMCL _eAACR2 |
||
| 245 | 1 | _aThe Business of Hotels / Fourth Edition | |
| 250 | _a4th | ||
| 260 |
_bButterworth Heinemann, _c1994 |
||
| 300 | _a222 | ||
| 520 | _aThe authors examine the hotel comprehensively as a business providing commercial hospitality. Staying away from Home, Ηοtel Products and Markets, Hotel Policies and Philosophies and Strategies, The Small Hotel, Hotel Groups, International Hotel Operations, Rooms and Beds, Food and Drink, Miscellaneous Guest Services, Marketing, Property Ownership and Management, Finance and Accounts, Hotel Organization, Hotel Staffing, Performance in Hotels. | ||
| 700 | 1 |
_aIngram H _96074 |
|
| 700 | 1 |
_aMedlik S _93460 |
|
| 942 | _cBK | ||
| 999 |
_c5159 _d5159 |
||